América Latina : acción del libro en los procesos de cambio.

Na minha lista:
Detalhes bibliográficos
Autor principal: Baeza Flores, Alberto (autor)
Autor Corporativo: Centro de Estudios Democráticos de América Latina (CEDAL)
Outros Autores: Escarpet, Alberto (autor) (autor)
Formato: Livro
Idioma:espanhol
Colecção:(Colección material de estudio CEDAL ; no. 73-74-75)
Assuntos:
Tags: Adicionar Tag
Sem tags, seja o primeiro a adicionar uma tag!

MARC

LEADER 00000cam^a2200000uu^4500
001 000470938
005 20250521000000.0
008 050901s1974^^^^^^^^^^^^rd^r^^000^0^spa^d
009 20260526150115.594
035 |a FCE 000013726 
035 |a FCE 003304 
037 |a Acervo ITESO - Biblioteca 
041 |a spa 
082 0 4 |a 082.1  |b CEDAL 73-74-75 
100 |a Baeza Flores, Alberto  |e (autor) 
245 1 0 |a América Latina :  |b acción del libro en los procesos de cambio. 
264 |a Costa Rica :  |b CEDAL,  |c 1974. 
300 |a 3 v. 
336 |a texto  |b txt  |2 rdacontenido 
337 |a sin mediación  |b n  |2 rdamedio 
338 |a volumen  |b nc  |2 rdasoporte 
440 0 |a (Colección material de estudio CEDAL ;  |v no. 73-74-75) 
649 |a XX 
650 |a Cambio social 
650 |a Libro 
650 |a América Latina 
710 |a Centro de Estudios Democráticos de América Latina (CEDAL) 
700 |a Escarpet, Alberto  |e (autor) 
910 |a Fondo Centro de Estudios Educativos 
920 |a Impresos - Libros 
930 |a Fondos Especiales 
905 |a 133 
901 |a ALE003304  |b IT2  |c CEE  |u 20250521 
901 |a ALE046920  |b IT2  |c CEE  |u 20250521 
901 |a ALE046921  |b IT2  |c CEE  |u 20250521 
902 |a https://opac.biblio.iteso.mx/vufind/Record/000470938